Deutsche Landkreise zu Bundesland - Kachelauswahl - Statistiken

Allgemein
  • Dieses Quiz wurde 96 mal gespielt
  • Das Durchschnittsergebnis liegt bei 38 aus 45
Antwortstatistiken
Frage Kachel Select % Korrekt
in Bayern liegen. Börde Nein
100%
in Bayern liegen. Bayreuth Ja
99%
in Bayern liegen. Oberallgäu Ja
99%
in Bayern liegen. Odenwald Nein
94%
in Niedersachsen liegen. Emsland Ja
93%
in Bayern liegen. Hohenlohe Nein
93%
in Niedersachsen liegen. Alzey-Worms Nein
92%
in Bayern liegen. Tuttlingen Nein
92%
in Nordrhein-Westfalen liegen. Waldeck-Frankenberg Nein
92%
in Niedersachsen liegen. Lahn-Dill Nein
91%
in Thüringen liegen. Altötting Nein
90%
in Thüringen liegen. Holzminden Nein
90%
in Bayern liegen. Tirschenreuth Ja
90%
in Nordrhein-Westfalen liegen. Rhein-Sieg Ja
89%
in Thüringen liegen. Bautzen Nein
87%
in Nordrhein-Westfalen liegen. Ennepe-Ruhr Ja
87%
in Bayern liegen. Fürstenfeldbruck Ja
87%
in Schleswig-Holstein liegen. Rendsburg-Eckernförde Ja
87%
in Schleswig-Holstein liegen. Weißenburg-Gunzenhausen Nein
87%
in Niedersachsen liegen. Wolfenbüttel Ja
87%
in Niedersachsen liegen. Celle Ja
86%
in Schleswig-Holstein liegen. Osterholz Nein
86%
in Schleswig-Holstein liegen. Ludwigslust-Parchim Nein
85%
in Nordrhein-Westfalen liegen. Hameln-Pyrmont Nein
84%
in Thüringen liegen. Jerichower Land Nein
84%
in Nordrhein-Westfalen liegen. Mettmann Ja
83%
in Schleswig-Holstein liegen. Pinneberg Ja
83%
in Schleswig-Holstein liegen. Schleswig-Flensburg Ja
83%
in Schleswig-Holstein liegen. Segeberg Ja
83%
in Nordrhein-Westfalen liegen. Siegen-Wittgenstein Ja
83%
in Thüringen liegen. Kyffhäuser Ja
82%
in Niedersachsen liegen. Vechta Ja
82%
in Thüringen liegen. Eichsfeld Ja
80%
in Nordrhein-Westfalen liegen. Westerwald Nein
80%
in Niedersachsen liegen. Herzogtum Lauenburg Nein
79%
in Nordrhein-Westfalen liegen. Coesfeld Ja
78%
in Schleswig-Holstein liegen. Steinfurt Nein
78%
in Bayern liegen. Lichtenfels Ja
75%
in Thüringen liegen. Schmalkalden-Meiningen Ja
75%
in Thüringen liegen. Greiz Ja
74%
in Niedersachsen liegen. Minden-Lübbecke Nein
74%
in Niedersachsen liegen. Grafschaft Bentheim Ja
70%
in Nordrhein-Westfalen liegen. Neuwied-Lippe Nein
70%
in Thüringen liegen. Saale-Holzland Ja
70%
in Schleswig-Holstein liegen. Stormarn Ja
67%
Keine übereinstimmenden Quizze gefunden
Verteilung der Resultate
Anzahl Personen mit jedem Resultat
Perzentil nach korrekt beantworteten Fragen
Ihre Resultats-Entwicklung
Sie haben dieses Quiz noch nicht gespielt